000 00511nam a2200181Ia 4500
003 OSt
005 20251230122642.0
008 210210b1953 xxu||||| |||| 00| 0 eng d
040 _cAL
041 _aKannada
082 _a859/2153
100 _aSITARAMA SHASTRI
_9158274
_dಸೀತಾರಾಮ ಶಾಸ್ತ್ರಿ
245 _aSvarnarekhe:
_bಸ್ವರ್ಣರೇಖೆ
260 _aBengaluru
_bVahini Prakashana
_c1953
690 _aKannada Fiction
_9158275
906 _a022866
942 _2ddc
_cBK
999 _c147562
_d147562